00787nam a22001817a 4500003000900000008004100009040007100050082002100121100002300142245005700165260003900222300005900261505020000320650000900520650002500529650001500554700003600569AR-CdUCM190510b ||||| |||| 00| 0 spa d aMUNICIPALIDAD PROVINCIAL DEL CUSCOcBIBLIOTECA MUNICIPAL DEL CUSCO 25ed.a709 /bR36 aReinach, Salomón aApolo :bhistoria general de las artes plásticas / aMéxico D. F. :bNacional,c1958. aVIII, 488 páginas ;bilustraciones, figuras,c17 cm. aContenido: Orígenes del arte -- El arte en los periodos de la piedra pulimentada -- Egipto, Caldea y Persia -- Arte egeo, minoano -- El arte griego antes de Fidias -- Fidias y el Partenón ... aArte aHistoria y crítica aOrígenes aDomenech, Rafael (traducción)